Fichas de trabajo. Nueva Matemática. 6º E.G.B.

Gespeichert in:
Bibliographische Detailangaben
1. Verfasser: Álvarez, A.
Weitere Verfasser: Gil Álvarez, P.
Format: Buch
Sprache:Spanisch
Erschienen: Valladolid Miñón 1975
Ausgabe:
Katalog:MANES:  Suchergebnis im Bibliothekskatalog
Schulbuchspezifische Eigenschaften:
Tags: Tag hinzufügen
Keine Tags, Fügen Sie den ersten Tag hinzu!
Hinzugefügt zu:19.11.2020
Geändert in:07.05.2025

MARC

LEADER 00000nam a22000007a 4500
005 20250507133413.0
008 201120b ||||| |||| 00| 0 spa d
561 |5 es-CICE  |3 FMa/M206  |a España. Centro Internacional de la Cultura Escolar  |k MANES 
999 |c 91034  |d 91034 
040 |a centro_manes  |c Centro_internacional de la cultura escolar 
100 |9 31244  |a Álvarez, A. 
245 |a Fichas de trabajo. Nueva Matemática. 6º E.G.B. 
250 |a 1ª 
260 |a Valladolid  |b Miñón  |c 1975 
300 |a 256 p.  |c 26 x 18 cm 
500 |a Contiene ilustraciones en blanco y negro y ejercicios para el alumno. 
546 |a España 
690 0 |a MATE 
691 0 |a PRI 
700 |9 35363  |a Gil Álvarez, P. 
942 |2 ddc  |c BK 
999 |c manes:91034  |d 91034